Cartoon Villains by Picture Quiz Stats

Quiz Updated Apr 17, 2015

Challenge
Share
Tweet
Score 0/24 Timer 05:00
3 Plays Today
Villain % Correct
Captain Hook
96%
Scar
92.7%
Cruella de Vil
90.1%
Jafar
80.6%
Queen Grimhilde
80.4%
Mr. Burns
78.4%
Ursula
76.1%
Bowser
73.4%
Hades
71.9%
Queen of Hearts
68.5%
Angelica Pickles
66.9%
Plankton
65.1%
Villain % Correct
Maleficent
64.6%
Lady Tremaine
57.8%
Team Rocket
52.7%
Shere Khan
49.9%
Bluto
49.4%
Lord Farquaad
47.9%
Syndrome
44%
Randall Boggs
42.2%
Mojo Jojo
41.6%
Dr. Eggman
37.3%
Gargamel
35.5%
Dick Dastardly
30.3%

You're not logged in!

Compare scores with friends on all Sporcle quizzes.
Sign Up with Email
OR
Log In

You Might Also Like...

Show Comments

Extras

Top Quizzes Today


Score Distribution

Your Account Isn't Verified!

In order to create a playlist on Sporcle, you need to verify the email address you used during registration. Go to your Sporcle Settings to finish the process.